000 00699nam a2200277Ia 4500
003 OSt
005 20221007111120.0
006 a|||||r|||| 00| 0
007 ta
008 221006b |||||||| |||| 00| 0 eng d
020 _a851202675
024 _a22,599
037 _cTextual
040 _aLCO
_cLCO
_beng
041 _2eng
_aeng
082 _aX72:(Z), L5
100 _aLawton Philip
_9270474
245 0 _aTax Planning
250 _a7th
260 _aLondon
_bOyez Publishing India
_c1975
300 _a182
650 _aTAX
700 _a Sumption Anthony
_9708266
942 _hX72:(Z), L5
_cTEXL
999 _c1192162
_d1192162